[Event "4NCL Division 1b"]
[Site "Birmingham, ENG ENG"]
[Date "2016.02.14"]
[Round "6.151"]
[White "Haria, Ravi"]
[Black "Sadler, Matthew D"]
[Result "0-1"]
[WhiteElo "2395"]
[BlackElo "2662"]
[PlyCount "74"]
[EventDate "2016.02.14"]
[WhiteTeam "Cambridge University 1"]
[BlackTeam "Guildford 1"]

1. Nf3 Nf6 2. g3 d5 3. Bg2 c5 4. O-O e6 5. d4 cxd4 6. Nxd4 e5 7. Nb3 Be6 8. Nc3
Be7 9. e3 Qd7 10. f4 e4 11. Nd4 Bg4 12. Qd2 Nc6 13. Nce2 h5 14. c4 Nxd4 15.
Nxd4 h4 16. b3 hxg3 17. hxg3 Bh3 18. cxd5 Qg4 19. d6 Bxg2 20. Qxg2 Rh3 21. Ne2
Bxd6 22. Bb2 Bc5 23. Bd4 Bxd4 24. exd4 Kd7 25. Kf2 Qh5 26. Rh1 Ng4+ 27. Kg1
Rxh1+ 28. Qxh1 Qxh1+ 29. Kxh1 Rc8 30. Rc1 Rxc1+ 31. Nxc1 Kd6 32. Ne2 Kd5 33.
Kg2 Ne3+ 34. Kf2 Nc2 35. g4 e3+ 36. Kg3 Ke4 37. Nc1 Nxd4 0-1

[Event "4NCL Division 1b"]
[Site "Birmingham, ENG ENG"]
[Date "2016.02.14"]
[Round "6.152"]
[White "Jones, Gawain C B"]
[Black "Bisby, Daniel L"]
[Result "1-0"]
[WhiteElo "2629"]
[BlackElo "2287"]
[PlyCount "81"]
[EventDate "2016.02.14"]
[WhiteTeam "Guildford 1"]
[BlackTeam "Cambridge University 1"]

1. d4 Nf6 2. c4 g6 3. Nc3 Bg7 4. Nf3 O-O 5. Bg5 c5 6. d5 d6 7. e3 h6 8. Bh4 Bf5
9. Bd3 Bxd3 10. Qxd3 Nbd7 11. Nd2 a6 12. f4 b5 13. O-O bxc4 14. Nxc4 Nb6 15. b3
Nxc4 16. bxc4 Rb8 17. h3 Rb2 18. Nd1 Rb4 19. Rc1 Qd7 20. Nc3 Rfb8 21. e4 Nh5
22. Rce1 Bd4+ 23. Kh1 Bxc3 24. Qxc3 Qa4 25. Bxe7 Rxc4 26. Qf3 Qxa2 27. Kh2 Rb3
28. Re3 Rxe3 29. Qxe3 Rc2 30. Qf3 Qc4 31. Re1 Qb4 32. Re2 Rc1 33. Bxd6 Qd4 34.
Rf2 Qa1 35. g4 Ng3 36. Be5 Nf1+ 37. Kg2 Ne3+ 38. Qxe3 Rg1+ 39. Kh2 Rh1+ 40. Kg3
Qg1+ 41. Kh4 1-0

[Event "4NCL Division 1b"]
[Site "Birmingham, ENG ENG"]
[Date "2016.02.14"]
[Round "6.153"]
[White "Eckersley-Waites, Adam"]
[Black "Edouard, Romain"]
[Result "0-1"]
[WhiteElo "2271"]
[BlackElo "2611"]
[PlyCount "84"]
[EventDate "2016.02.14"]
[WhiteTeam "Cambridge University 1"]
[BlackTeam "Guildford 1"]

1. e4 c5 2. Nf3 Nc6 3. d4 cxd4 4. Nxd4 e5 5. Nb5 d6 6. N1c3 a6 7. Na3 Be6 8.
Nd5 Nf6 9. Bg5 Be7 10. Bxf6 Bxf6 11. Nxf6+ Qxf6 12. c3 Rd8 13. Bc4 Qg6 14. O-O
O-O 15. Bxe6 fxe6 16. Qb3 b5 17. Nc2 Na5 18. Qb4 Nc4 19. Rad1 Qxe4 20. Ne3 Qc6
21. Nxc4 bxc4 22. Rfe1 Rd7 23. Rd2 Rc8 24. h3 Kf7 25. Re3 g6 26. b3 Qc5 27. Qa4
Ke7 28. Qxa6 Ra7 29. Qxc4 Qxc4 30. bxc4 Rxc4 31. Rb2 g5 32. g3 h5 33. Kg2 g4
34. Kh2 Ra3 35. Rc2 e4 36. hxg4 hxg4 37. Kg2 d5 38. Rb2 Rcxc3 39. Rb7+ Kf6 40.
Re2 Rc1 41. Rd2 Ra1 42. Rbb2 Ra8 0-1

[Event "4NCL Division 1b"]
[Site "Birmingham, ENG ENG"]
[Date "2016.02.14"]
[Round "6.154"]
[White "Van Kampen, Robin"]
[Black "Bukojemski, Adam"]
[Result "0-1"]
[WhiteElo "2627"]
[BlackElo "2241"]
[PlyCount "74"]
[EventDate "2016.02.14"]
[WhiteTeam "Guildford 1"]
[BlackTeam "Cambridge University 1"]

1. Nf3 c5 2. g3 Nc6 3. c4 e5 4. Nc3 d6 5. Bg2 f5 6. d3 Be7 7. O-O Nf6 8. Bg5
Ng4 9. Bxe7 Nxe7 10. e3 O-O 11. d4 e4 12. Ne1 Be6 13. b3 Qa5 14. Qd2 Qb6 15.
Nc2 Nf6 16. Rfd1 Rad8 17. Na3 Bf7 18. Nab5 a6 19. Na4 Qc6 20. Nbc3 Bh5 21. Ne2
Qc8 22. Qe1 Nc6 23. Rd2 g5 24. dxc5 dxc5 25. Rad1 Rxd2 26. Rxd2 Ne5 27. Nec3
Nfd7 28. Nd5 Qe8 29. Nab6 Nb8 30. b4 cxb4 31. Nxb4 a5 32. Nc2 Nbc6 33. Nd4 Nd3
34. Rxd3 exd3 35. Qc3 Ne5 36. Ne6 d2 37. Qxd2 Qxe6 0-1

[Event "4NCL Division 1b"]
[Site "Birmingham, ENG ENG"]
[Date "2016.02.14"]
[Round "6.156"]
[White "Hebden, Mark L"]
[Black "Kalavannan, Koby"]
[Result "1-0"]
[WhiteElo "2467"]
[BlackElo "2080"]
[PlyCount "95"]
[EventDate "2016.02.14"]
[WhiteTeam "Guildford 1"]
[BlackTeam "Cambridge University 1"]

1. d4 Nf6 2. Bf4 g6 3. Nc3 d5 4. Qd2 Bg7 5. Bh6 O-O 6. Bxg7 Kxg7 7. e3 c5 8. f3
cxd4 9. exd4 Nc6 10. Bb5 e5 11. dxe5 Nxe5 12. O-O-O Be6 13. Qe3 Nc6 14. Nge2
Qc7 15. h4 Rad8 16. Bxc6 bxc6 17. h5 Rfe8 18. Qd4 Qe7 19. Na4 Bf5 20. Rd2 Qe5
21. hxg6 Bxg6 22. Qxe5 Rxe5 23. Nd4 Rc8 24. Nc5 Nh5 25. b4 Ng3 26. Rhd1 Re3 27.
Kb2 Nf5 28. Nxf5+ Bxf5 29. Nb3 Rb8 30. a3 Be6 31. Rd3 Rxd3 32. Rxd3 a5 33. Nxa5
c5 34. c3 d4 35. Rd2 h5 36. Nb3 dxc3+ 37. Kxc3 cxb4+ 38. axb4 h4 39. Nc5 Bf5
40. Rb2 Re8 41. Kd4 Re1 42. b5 Bc8 43. b6 Rh1 44. b7 Bxb7 45. Rxb7 Kg6 46. Nd3
f6 47. Ke3 Kg5 48. Rg7+ 1-0

[Event "4NCL Division 1b"]
[Site "Birmingham, ENG ENG"]
[Date "2016.02.14"]
[Round "6.157"]
[White "Spencer, Carl J"]
[Black "Flear, Glenn C"]
[Result "0-1"]
[WhiteElo "2120"]
[BlackElo "2454"]
[PlyCount "102"]
[EventDate "2016.02.14"]
[WhiteTeam "Cambridge University 1"]
[BlackTeam "Guildford 1"]

1. d4 d5 2. c4 e6 3. Nf3 Nf6 4. Nc3 c6 5. e3 Nbd7 6. Bd3 dxc4 7. Bxc4 b5 8. Bd3
Bb7 9. O-O a6 10. e4 c5 11. d5 Qc7 12. Bc2 Bd6 13. dxe6 fxe6 14. Ng5 Nf8 15. f4
O-O-O 16. Qe2 h6 17. Nf3 Bxf4 18. Bxf4 Qxf4 19. g3 Qg4 20. e5 N6d7 21. Be4 Ng6
22. a4 b4 23. Bxb7+ Kxb7 24. Ne4 Ngxe5 25. Qe3 Nxf3+ 26. Rxf3 Rhf8 27. Rxf8
Rxf8 28. Nxc5+ Nxc5 29. Qxc5 Rc8 30. Qe5 Rc4 31. Re1 Qd4+ 32. Qxd4 Rxd4 33.
Rxe6 Rd2 34. b3 Rd3 35. Re7+ Kb6 36. Re6+ Kc5 37. Rxa6 Rxb3 38. Ra8 Ra3 39. a5
b3 40. Rb8 Kc4 41. Kf2 Rxa5 42. Ke3 Rb5 43. Rc8+ Kb4 44. Kd2 Rd5+ 45. Kc1 Rc5+
46. Rxc5 Kxc5 47. Kb2 Kc4 48. g4 g5 49. h3 Kb4 50. Kb1 Kc3 51. Kc1 Kd3 0-1

[Event "4NCL Division 1b"]
[Site "Birmingham, ENG ENG"]
[Date "2016.02.14"]
[Round "6.158"]
[White "Milliet, Sophie"]
[Black "Chevannes, Sabrina L"]
[Result "1-0"]
[WhiteElo "2361"]
[BlackElo "2096"]
[PlyCount "57"]
[EventDate "2016.02.14"]
[WhiteTeam "Guildford 1"]
[BlackTeam "Cambridge University 1"]

1. e4 c6 2. d4 d5 3. e5 g6 4. c4 Bg7 5. Nc3 e6 6. Nf3 a6 7. c5 Nd7 8. Bd3 a5 9.
O-O b6 10. cxb6 Qxb6 11. Na4 Qa7 12. b3 Bf8 13. Qc2 Ba6 14. Rd1 Rc8 15. Be3 Ne7
16. Rac1 Nf5 17. Qe2 Bxd3 18. Rxd3 Ba3 19. Rc2 O-O 20. g4 Nxe3 21. Qxe3 Kg7 22.
Nc5 Nxc5 23. dxc5 Rb8 24. Nd4 Rfc8 25. Qf4 Qe7 26. Rh3 g5 27. Qe3 h6 28. Rh5
Rb4 29. h4 1-0

[Event "4NCL Division 1b"]
[Site "Birmingham, ENG ENG"]
[Date "2016.02.14"]
[Round "6.161"]
[White "Adair, James R"]
[Black "Dorrington, Chris J"]
[Result "1-0"]
[WhiteElo "2469"]
[BlackElo "2337"]
[PlyCount "83"]
[EventDate "2016.02.14"]
[WhiteTeam "White Rose 1"]
[BlackTeam "Barbican 4NCL 2"]

1. e4 Nf6 2. e5 Nd5 3. d4 d6 4. c4 Nb6 5. exd6 exd6 6. Nc3 Be7 7. Bd3 Nc6 8.
Nge2 O-O 9. O-O Bf6 10. Be3 Nb4 11. b3 Nxd3 12. Qxd3 c6 13. a4 a5 14. d5 cxd5
15. Bxb6 Qxb6 16. Nxd5 Qd8 17. Rad1 Ra6 18. f4 Re8 19. Kh1 Be6 20. Ne3 g6 21.
Ng3 Qb6 22. f5 gxf5 23. Ngxf5 Qc5 24. Nxd6 Rd8 25. Nxb7 Rxd3 26. Nxc5 Rxd1 27.
Rxd1 Rb6 28. Nxe6 fxe6 29. Rd3 Kf7 30. g3 h5 31. Kg2 Ke7 32. Kf3 Rb8 33. Ng2
Kf7 34. Ke4 Rg8 35. Rd7+ Be7 36. Rb7 Rg4+ 37. Nf4 h4 38. Kf3 hxg3 39. hxg3 Rg8
40. Rb6 Bc5 41. Rc6 Bg1 42. Ne2 1-0

[Event "4NCL Division 1b"]
[Site "Birmingham, ENG ENG"]
[Date "2016.02.14"]
[Round "6.162"]
[White "Buchicchio, Giampaolo"]
[Black "McNab, Colin A"]
[Result "1/2-1/2"]
[WhiteElo "2313"]
[BlackElo "2439"]
[PlyCount "76"]
[EventDate "2016.02.14"]
[WhiteTeam "Barbican 4NCL 2"]
[BlackTeam "White Rose 1"]

1. e4 g6 2. d4 Bg7 3. Nc3 d6 4. Be3 Nf6 5. Qd2 c6 6. Bh6 Bxh6 7. Qxh6 Qa5 8.
Bd3 c5 9. d5 Nbd7 10. Nf3 c4 11. Bxc4 Qc5 12. Bd3 Qxf2+ 13. Kxf2 Ng4+ 14. Kg3
Nxh6 15. Rhe1 O-O 16. h3 Nc5 17. Bc4 Bd7 18. b4 Na6 19. Bxa6 bxa6 20. Nd1 Rfc8
21. c3 Rab8 22. a3 e5 23. dxe6 Bxe6 24. Nd4 Rc4 25. Rc1 Rbc8 26. Nb3 Kg7 27.
Kf3 f6 28. Ke3 Nf7 29. Nd2 R4c7 30. Nf3 Ne5 31. Nxe5 dxe5 32. Kd2 Bb3 33. Ne3
Kf7 34. Rf1 Ke6 35. Rf3 Rd7+ 36. Ke1 Rdc7 37. Kd2 Rd7+ 38. Ke1 Rdc7 1/2-1/2

[Event "4NCL Division 1b"]
[Site "Birmingham, ENG ENG"]
[Date "2016.02.14"]
[Round "6.163"]
[White "Wells, Peter K"]
[Black "Poobalasingam, Peter S"]
[Result "1/2-1/2"]
[WhiteElo "2427"]
[BlackElo "2255"]
[PlyCount "73"]
[EventDate "2016.02.14"]
[WhiteTeam "White Rose 1"]
[BlackTeam "Barbican 4NCL 2"]

1. Nf3 d6 2. d4 Nd7 3. c4 e5 4. Nc3 Ngf6 5. e4 Be7 6. Be2 O-O 7. O-O c6 8. Be3
Qc7 9. d5 Ne8 10. b4 c5 11. Rb1 cxb4 12. Nb5 Qb8 13. Rxb4 Bd8 14. Rb2 Bb6 15.
Bxb6 axb6 16. Nd2 Nc5 17. f4 Bd7 18. Nc3 Qa7 19. Kh1 Qa3 20. Qc1 Qa7 21. Nb3
Nc7 22. Nxc5 bxc5 23. Qb1 Rfb8 24. fxe5 dxe5 25. Bh5 g6 26. Rbf2 Rf8 27. Qc1
Qa3 28. Rb2 Ne8 29. Be2 Bc8 30. Nb5 Qa5 31. Qe3 b6 32. Qg3 f6 33. Rf3 Qa6 34.
Rfb3 Qb7 35. Bg4 Qg7 36. Bxc8 Rxc8 37. h3 1/2-1/2

[Event "4NCL Division 1b"]
[Site "Birmingham, ENG ENG"]
[Date "2016.02.14"]
[Round "6.164"]
[White "Goldie, Thomas"]
[Black "Palliser, Richard J D"]
[Result "0-1"]
[WhiteElo "2217"]
[BlackElo "2420"]
[PlyCount "112"]
[EventDate "2016.02.14"]
[WhiteTeam "Barbican 4NCL 2"]
[BlackTeam "White Rose 1"]

1. e4 c5 2. Nf3 d6 3. d4 cxd4 4. Nxd4 Nf6 5. Nc3 a6 6. Be3 Ng4 7. Bc1 Nf6 8.
Be3 Ng4 9. Bc1 Nc6 10. h3 Nf6 11. Be3 e6 12. f4 Be7 13. Qd2 Nxd4 14. Bxd4 b5
15. Qe3 Bb7 16. a3 Qc7 17. Be2 e5 18. fxe5 dxe5 19. Bb6 Qc6 20. Bf3 Nd7 21. Nd5
Bh4+ 22. Kd1 Rc8 23. c3 Qc4 24. Kc2 Bxd5 25. exd5 Nxb6 26. Qxb6 e4 27. Qe3 f5
28. Rhd1 O-O 29. Be2 Qa4+ 30. b3 Qa5 31. c4 Bf6 32. Ra2 bxc4 33. Bxc4 Kh8 34.
Qd2 Rxc4+ 35. bxc4 Qa4+ 36. Kc1 Rc8 37. Kb1 Qb3+ 38. Rb2 Bxb2 39. Qc2 Qxc2+ 40.
Kxc2 Bxa3 41. Ra1 Rxc4+ 42. Kb3 Rd4 43. Kxa3 Rxd5 44. Kb4 h5 45. Rxa6 Kh7 46.
Kc4 Rd1 47. h4 Rd2 48. Ra5 g6 49. Ra7+ Kh6 50. Ra8 Kg7 51. Ra6 Kf7 52. g3 Rd3
53. Ra7+ Ke8 54. Ra8+ Kd7 55. Ra7+ Kc8 56. Rg7 Rxg3 0-1

[Event "4NCL Division 1b"]
[Site "Birmingham, ENG ENG"]
[Date "2016.02.14"]
[Round "6.165"]
[White "Townsend, M Paul"]
[Black "Rogers, Jonathan W"]
[Result "1/2-1/2"]
[WhiteElo "2249"]
[BlackElo "2292"]
[PlyCount "82"]
[EventDate "2016.02.14"]
[WhiteTeam "White Rose 1"]
[BlackTeam "Barbican 4NCL 2"]

1. d4 d5 2. Nf3 e6 3. c4 Nf6 4. g3 Bb4+ 5. Bd2 Be7 6. Bg2 O-O 7. O-O c6 8. Qc2
b6 9. Rd1 Bb7 10. Bf4 Nh5 11. Bc1 f5 12. b3 Nd7 13. Bb2 Rc8 14. Nc3 Qe8 15. e3
Nhf6 16. Ne2 Ne4 17. Nf4 Bd6 18. Ne5 Nxe5 19. dxe5 Bc5 20. Nd3 Be7 21. Nf4 Qf7
22. f3 Nc5 23. b4 Nd7 24. Qa4 g5 25. Ne2 Nb8 26. Qxa7 Bxb4 27. Qxb6 Qe7 28.
cxd5 exd5 29. Nd4 c5 30. Qe6+ Qxe6 31. Nxe6 Rfe8 32. Nxg5 c4 33. a3 Be7 34. Nh3
c3 35. Bc1 c2 36. Rd3 Ba6 37. Rxd5 Nc6 38. f4 Rb8 39. Ra2 Rb1 40. Rxc2 Bxa3 41.
Rd1 Rd8 1/2-1/2

[Event "4NCL Division 1b"]
[Site "Birmingham, ENG ENG"]
[Date "2016.02.14"]
[Round "6.166"]
[White "Moss, Guy"]
[Black "Maroroa, Sue"]
[Result "0-1"]
[WhiteElo "2155"]
[BlackElo "2297"]
[PlyCount "128"]
[EventDate "2016.02.14"]
[WhiteTeam "Barbican 4NCL 2"]
[BlackTeam "White Rose 1"]

1. e4 e5 2. Nf3 Nc6 3. Bb5 a6 4. Ba4 Nf6 5. d3 d6 6. c3 g6 7. O-O Bg7 8. Nbd2
O-O 9. Re1 b5 10. Bc2 Bb7 11. a4 Nb8 12. b4 Nbd7 13. Nb3 Rb8 14. axb5 axb5 15.
Ra5 Ba8 16. d4 Re8 17. d5 Qc8 18. Nfd2 c6 19. c4 bxc4 20. Nxc4 Bf8 21. dxc6
Qxc6 22. Nbd2 Rxb4 23. Ba4 Qc7 24. Ba3 Rxc4 25. Nxc4 Qxc4 26. Bb5 Qc7 27. Qa4
Nb6 28. Qb3 Rb8 29. Rc1 Qd8 30. Ra7 Nbd7 31. Rcc7 Bxe4 32. Qa4 Nb6 33. Qa6 Bd5
34. Bc6 Ne8 35. Bxe8 Qxe8 36. Rc1 Nc4 37. Rd1 Nxa3 38. Qxa3 Be6 39. Qe3 Qc6 40.
Rc1 Qb5 41. h3 h5 42. Rcc7 Qb1+ 43. Kh2 Qf5 44. Rcb7 Rc8 45. Rc7 Rxc7 46. Rxc7
Qf4+ 47. Qxf4 exf4 48. Kg1 f3 49. h4 d5 50. gxf3 Bd6 51. Ra7 Kg7 52. Kf1 d4 53.
Ra4 Bc5 54. Ke2 Bb3 55. Ra8 Bc4+ 56. Kd1 Bd5 57. Rc8 Bxf3+ 58. Kd2 Be7 59. Rc4
Bf6 60. Ra4 Be5 61. Ra5 Kf6 62. Kd3 Kf5 63. Kd2 f6 64. Kd3 g5 0-1

[Event "4NCL Division 1b"]
[Site "Birmingham, ENG ENG"]
[Date "2016.02.14"]
[Round "6.167"]
[White "Weller, Jean-Luc"]
[Black "O'Toole, George E"]
[Result "1/2-1/2"]
[WhiteElo "2249"]
[BlackElo "2234"]
[PlyCount "65"]
[EventDate "2016.02.14"]
[WhiteTeam "White Rose 1"]
[BlackTeam "Barbican 4NCL 2"]

1. d4 Nf6 2. Nf3 g6 3. c4 Bg7 4. Nc3 O-O 5. e4 d6 6. Be2 e5 7. d5 a5 8. Bg5 h6
9. Bh4 g5 10. Bg3 Na6 11. Nd2 Nc5 12. O-O Bd7 13. b3 c6 14. a3 b5 15. b4 axb4
16. axb4 Na4 17. Nxa4 Rxa4 18. Rxa4 bxa4 19. Qxa4 cxd5 20. Qa6 Qb8 21. cxd5
Qxb4 22. Qd3 Rc8 23. Rb1 Qc5 24. Kf1 Ba4 25. Qc4 Qxc4 26. Bxc4 Bc2 27. Re1 Rxc4
28. Nxc4 Bd3+ 29. Kg1 Bxc4 30. f3 Nh5 31. Rc1 Nxg3 32. hxg3 Bb5 33. g4 1/2-1/2

[Event "4NCL Division 1b"]
[Site "Birmingham, ENG ENG"]
[Date "2016.02.14"]
[Round "6.168"]
[White "Lauterbach, Ingrid"]
[Black "Gantner, Matthias"]
[Result "0-1"]
[WhiteElo "2085"]
[BlackElo "2298"]
[PlyCount "76"]
[EventDate "2016.02.14"]
[WhiteTeam "Barbican 4NCL 2"]
[BlackTeam "White Rose 1"]

1. Nf3 d6 2. g3 e5 3. d3 g6 4. Bg2 Bg7 5. O-O Ne7 6. e4 O-O 7. c3 Nbc6 8. Be3
f5 9. Qb3+ Kh8 10. Ng5 f4 11. Bd2 Qe8 12. gxf4 exf4 13. f3 Na5 14. Qc2 c5 15.
Na3 Bd7 16. Rae1 h6 17. Nh3 g5 18. Nf2 Qh5 19. c4 Nac6 20. Nb5 Qg6 21. Bc3 Rac8
22. Bxg7+ Kxg7 23. Bh3 Be6 24. Qc3+ Kh7 25. Bxe6 Qxe6 26. d4 cxd4 27. Nxd4 Nxd4
28. Qxd4 Nc6 29. Qc3 Ne5 30. b3 b5 31. Rc1 b4 32. Qxb4 Nxf3+ 33. Kh1 g4 34.
Rcd1 Rc5 35. Qb7+ Kh8 36. Rd5 g3 37. Rxc5 dxc5 38. Nd3 Qh3 0-1

[Event "4NCL Division 1b"]
[Site "Birmingham, ENG ENG"]
[Date "2016.02.14"]
[Round "6.171"]
[White "Chow, Sam"]
[Black "Gormally, Daniel W"]
[Result "1-0"]
[WhiteElo "2313"]
[BlackElo "2497"]
[PlyCount "55"]
[EventDate "2016.02.14"]
[WhiteTeam "South Wales Dragons"]
[BlackTeam "Blackthorne Russia"]

1. d4 Nf6 2. c4 e6 3. g3 c5 4. d5 exd5 5. cxd5 d6 6. Nc3 g6 7. Nf3 Bg7 8. Bg2
O-O 9. O-O a6 10. a4 Nbd7 11. Nd2 Re8 12. h3 Rb8 13. Nc4 Ne5 14. Na3 Nh5 15. e4
Rf8 16. g4 Nf6 17. f4 Nexg4 18. hxg4 Nxg4 19. Qe1 f5 20. e5 dxe5 21. fxe5 Bxe5
22. Nc4 Bh2+ 23. Kh1 f4 24. d6 Re8 25. Bd5+ Kg7 26. Ne4 Be6 27. Bxe6 Rxe6 28.
Bxf4 1-0

[Event "4NCL Division 1b"]
[Site "Birmingham, ENG ENG"]
[Date "2016.02.14"]
[Round "6.172"]
[White "Ledger, Andrew J"]
[Black "Toma, Katarzyna"]
[Result "0-1"]
[WhiteElo "2391"]
[BlackElo "2310"]
[PlyCount "80"]
[EventDate "2016.02.14"]
[WhiteTeam "Blackthorne Russia"]
[BlackTeam "South Wales Dragons"]

1. d4 Nf6 2. c4 g6 3. Nc3 d5 4. cxd5 Nxd5 5. e4 Nxc3 6. bxc3 Bg7 7. Qa4+ Qd7 8.
Qa3 b6 9. Nf3 Bb7 10. Bd3 O-O 11. O-O c5 12. Be3 e6 13. Rfd1 c4 14. Bc2 f5 15.
Rab1 fxe4 16. Ng5 Bd5 17. Nxe4 Nc6 18. f3 e5 19. Ba4 Qe6 20. Ng5 Qf5 21. Qc1
Rad8 22. Bc2 Qc8 23. dxe5 Nxe5 24. Bd4 h6 25. Bxe5 Bxe5 26. Be4 Qc5+ 27. Kh1
hxg5 28. Bxd5+ Rxd5 29. Qxg5 Rd6 30. h4 Rf5 31. Qg4 Rf4 32. Qg3 Rf7 33. Qg4
Bxc3 34. Rxd6 Qxd6 35. Qxc4 Qd4 36. Qc8+ Kg7 37. Qh3 Rf4 38. g3 Rxf3 39. Qe6
Re3 40. Qc8 Qe4+ 0-1

[Event "4NCL Division 1b"]
[Site "Birmingham, ENG ENG"]
[Date "2016.02.14"]
[Round "6.173"]
[White "Cooper, John G"]
[Black "Ansell, Simon T"]
[Result "1-0"]
[WhiteElo "2276"]
[BlackElo "2358"]
[PlyCount "95"]
[EventDate "2016.02.14"]
[WhiteTeam "South Wales Dragons"]
[BlackTeam "Blackthorne Russia"]

1. c4 e5 2. g3 Nc6 3. Bg2 g6 4. Nc3 Bg7 5. e4 d6 6. Nge2 Be6 7. d3 f5 8. Nd5
Nf6 9. O-O O-O 10. Bg5 Qd7 11. Qd2 Rae8 12. Rac1 Kh8 13. b4 Nd8 14. Nxf6 Bxf6
15. Bxf6+ Rxf6 16. d4 Qg7 17. exf5 Bxf5 18. c5 e4 19. d5 Re5 20. f4 exf3 21.
Rxf3 Rf8 22. cxd6 cxd6 23. Rfc3 Rfe8 24. Nd4 Be4 25. Rc7 Qg8 26. Bxe4 Rxe4 27.
Nf3 R4e7 28. Rxe7 Rxe7 29. Rc8 Re8 30. Rc7 Qf8 31. Qd4+ Kg8 32. Qh4 Nf7 33. Nd4
Qg7 34. Qf4 g5 35. Qf2 Qg6 36. Nf5 Kh8 37. Rxb7 g4 38. h4 Qf6 39. Ne3 Qxf2+ 40.
Kxf2 Ne5 41. b5 Nd3+ 42. Ke2 Nc5 43. Rxa7 Re4 44. Kd2 Rb4 45. Nf5 h5 46. Nxd6
Rd4+ 47. Kc3 Rxd5 48. Kc4 1-0

[Event "4NCL Division 1b"]
[Site "Birmingham, ENG ENG"]
[Date "2016.02.14"]
[Round "6.175"]
[White "Williamson, Roger G"]
[Black "Webb, Laurence E"]
[Result "1/2-1/2"]
[WhiteElo "2187"]
[BlackElo "2296"]
[PlyCount "79"]
[EventDate "2016.02.14"]
[WhiteTeam "South Wales Dragons"]
[BlackTeam "Blackthorne Russia"]

1. Nf3 Nc6 2. d4 d5 3. c4 e5 4. dxe5 d4 5. Nbd2 Nge7 6. Nb3 Nf5 7. e4 dxe3 8.
Qxd8+ Kxd8 9. fxe3 Nfe7 10. Bd2 Ng6 11. Bc3 Bb4 12. O-O-O+ Ke8 13. Bd4 a5 14.
a3 Be7 15. Bd3 a4 16. Nbd2 Be6 17. Bc2 Nh4 18. Nxh4 Bxh4 19. c5 Be7 20. Ne4 Ra5
21. Bc3 Ra8 22. Rd2 h6 23. h3 Bg5 24. Re1 Bh4 25. Rf1 Be7 26. Rf4 Nd8 27. Rf3
h5 28. Rf4 h4 29. Nf2 Bxc5 30. Rxa4 Rb8 31. Bd4 Be7 32. Nd3 Rh5 33. Nf4 Rg5 34.
Be4 Rg3 35. Ne2 Rg5 36. Nf4 Rg3 37. Nh5 Rg5 38. Nf4 Rg3 39. Bf3 c6 40. Ne2
1/2-1/2

[Event "4NCL Division 1b"]
[Site "Birmingham, ENG ENG"]
[Date "2016.02.14"]
[Round "6.176"]
[White "Ledger, Dave J"]
[Black "Zeidler, Sven P"]
[Result "0-1"]
[WhiteElo "2236"]
[BlackElo "2172"]
[PlyCount "92"]
[EventDate "2016.02.14"]
[WhiteTeam "Blackthorne Russia"]
[BlackTeam "South Wales Dragons"]

1. e4 d5 2. exd5 Qxd5 3. Nc3 Qa5 4. Bc4 c6 5. d3 Bf5 6. Qe2 e6 7. Bd2 Nd7 8.
O-O-O Ngf6 9. h3 Qe5 10. Qf1 h5 11. Nf3 Qd6 12. a3 b5 13. Ba2 Rb8 14. Ne2 Nd5
15. Ng3 Bg6 16. Ne4 Qc7 17. g3 b4 18. axb4 Bxb4 19. Qe1 Qa5 20. Bb1 O-O 21. Nd4
Qb6 22. Nb3 a5 23. Nc3 Bxc3 24. Bxc3 a4 25. Na5 Nxc3 26. Qxc3 Nf6 27. Nc4 Qxf2
28. Qe1 Qxe1 29. Rdxe1 Nd7 30. Ne5 Nxe5 31. Rxe5 Rb4 32. c3 Rb5 33. Rhe1 Rfb8
34. Rxb5 cxb5 35. Bc2 Bf5 36. h4 Rd8 37. Re5 Rd5 38. Rxd5 exd5 39. Kd2 Kf8 40.
Bd1 Bg4 41. Bc2 Ke7 42. Ke3 Kd6 43. d4 Bd7 44. Kf4 Be8 45. Bf5 g6 46. Kg5 gxf5
0-1

[Event "4NCL Division 1b"]
[Site "Birmingham, ENG ENG"]
[Date "2016.02.14"]
[Round "6.177"]
[White "Jameson, David"]
[Black "Ledger, Stephen C"]
[Result "1/2-1/2"]
[WhiteElo "2099"]
[BlackElo "2177"]
[PlyCount "45"]
[EventDate "2016.02.14"]
[WhiteTeam "South Wales Dragons"]
[BlackTeam "Blackthorne Russia"]

1. e4 c5 2. Nf3 Nc6 3. Bb5 e6 4. O-O Nge7 5. Re1 a6 6. Bf1 Ng6 7. Nc3 Be7 8.
Nd5 exd5 9. exd5 O-O 10. dxc6 dxc6 11. d3 Bf5 12. Be3 Qc7 13. Qc1 Rfe8 14. a4
Bd6 15. g3 Ne5 16. Nxe5 Rxe5 17. Qd2 Rae8 18. Bf4 R5e6 19. Rxe6 Rxe6 20. Bxd6
Qxd6 21. Re1 c4 22. Rxe6 Bxe6 23. Qc3 1/2-1/2

[Event "4NCL Division 1b"]
[Site "Birmingham, ENG ENG"]
[Date "2016.02.14"]
[Round "6.178"]
[White "Atkins, Rita"]
[Black "Lochte, Szilvia"]
[Result "1/2-1/2"]
[WhiteElo "2103"]
[BlackElo "1896"]
[PlyCount "80"]
[EventDate "2016.02.14"]
[WhiteTeam "Blackthorne Russia"]
[BlackTeam "South Wales Dragons"]

1. d4 Nf6 2. Bg5 g6 3. Bxf6 exf6 4. e3 Bg7 5. c4 f5 6. Nc3 d6 7. Nge2 Nd7 8. h4
Nf6 9. Nf4 h6 10. Bd3 c6 11. Qc2 Bd7 12. h5 g5 13. Nfe2 Qc8 14. Ng3 f4 15. exf4
gxf4 16. Nf5 Bxf5 17. Bxf5 Qc7 18. O-O-O O-O 19. Ne4 Nxe4 20. Bxe4 Qa5 21. Kb1
Qg5 22. g3 f3 23. Bxf3 f5 24. Rhg1 Rae8 25. g4 Qf4 26. Qd3 fxg4 27. Bxg4 Qe4
28. f3 Qxd3+ 29. Rxd3 Rf4 30. d5 Re2 31. Be6+ Kf8 32. Rb3 b6 33. Bg4 Rxc4 34.
dxc6 Rxc6 35. Rc1 Rc5 36. Rxc5 dxc5 37. a4 c4 38. Rb4 c3 39. bxc3 Bxc3 40. Rc4
Bg7 1/2-1/2

[Event "4NCL Division 1b"]
[Site "Birmingham, ENG ENG"]
[Date "2016.02.14"]
[Round "6.181"]
[White "Roberson, Peter T"]
[Black "Carron, Julien"]
[Result "0-1"]
[WhiteElo "2393"]
[BlackElo "2358"]
[PlyCount "41"]
[EventDate "2016.02.14"]
[WhiteTeam "Grantham Sharks 1"]
[BlackTeam "Sussex Martlets 1"]

1. e4 c5 2. Nf3 Nc6 3. c3 Nf6 4. e5 Nd5 5. Bc4 Nb6 6. Bb3 c4 7. Bc2 d6 8. exd6
e5 9. O-O Be6 10. b3 Bxd6 11. d3 cxd3 12. Qxd3 Be7 13. Qe2 Qc7 14. Re1 f6 15.
Nbd2 O-O-O 16. c4 g5 17. Bb2 h5 18. Nf1 h4 19. h3 g4 20. hxg4 Bxg4 21. Ne3 {
Both scoresheets illegible after this.} 0-1

[Event "4NCL Division 1b"]
[Site "Birmingham, ENG ENG"]
[Date "2016.02.14"]
[Round "6.182"]
[White "Tarhon, Brian"]
[Black "Rendle, Thomas E"]
[Result "1/2-1/2"]
[WhiteElo "2271"]
[BlackElo "2366"]
[PlyCount "38"]
[EventDate "2016.02.14"]
[WhiteTeam "Sussex Martlets 1"]
[BlackTeam "Grantham Sharks 1"]

1. e4 e6 2. d4 d5 3. Nd2 a6 4. exd5 exd5 5. Bd3 Nc6 6. c3 Bd6 7. Ne2 Qf6 8. O-O
Bf5 9. Nf3 Nge7 10. Bg5 Qg6 11. Bxf5 Qxf5 12. Qd2 O-O 13. Bf4 Rad8 14. Bxd6
Rxd6 15. Rfe1 Ng6 16. Ng3 Qf4 17. Re3 Re6 18. Rae1 Rfe8 19. Qd3 Rxe3 1/2-1/2

[Event "4NCL Division 1b"]
[Site "Birmingham, ENG ENG"]
[Date "2016.02.14"]
[Round "6.183"]
[White "Batchelor, Peter J"]
[Black "Cumming, Rhys"]
[Result "1/2-1/2"]
[WhiteElo "2342"]
[BlackElo "2155"]
[PlyCount "81"]
[EventDate "2016.02.14"]
[WhiteTeam "Grantham Sharks 1"]
[BlackTeam "Sussex Martlets 1"]

1. d4 Nf6 2. c4 g6 3. g3 c6 4. Nf3 Bg7 5. Bg2 d5 6. O-O O-O 7. cxd5 cxd5 8. Ne5
Ne4 9. Nc3 Nxc3 10. bxc3 Nc6 11. Nxc6 bxc6 12. Ba3 Ba6 13. Re1 Re8 14. e4 e6
15. e5 Bf8 16. Bxf8 Rxf8 17. Qa4 Bb5 18. Qa3 Qc7 19. Reb1 Rfb8 20. h4 Bd3 21.
Rxb8+ Rxb8 22. Rd1 Bc4 23. Rd2 h5 24. Bf3 Rb6 25. Rb2 Qb7 26. Rb4 Rb5 27. Qb2
Kg7 28. a3 a5 29. Rxb5 cxb5 30. Kg2 Qc7 31. g4 hxg4 32. Bxg4 Bd3 33. Qd2 Qc4
34. h5 Be4+ 35. f3 gxh5 36. Bxh5 Bg6 37. Bxg6 Kxg6 38. Kf2 Qb3 39. Qf4 Qc2+ 40.
Kg3 Qf5 41. Qg4+ 1/2-1/2